000 01213nam a22002657a 4500
003 SEM
005 20250723161256.0
008 240325s2010 ru ||||gr||||||01|||rus|d
020 _a978-5-17-059522-8 (Изд.«АСТ»)
020 _a978-5-271-23942-7 (Изд. «Астрель»)
040 _aSEM
_cSEM
041 _arus
082 _a230/Н-84
100 _aНосовский , Глеб Владимирович ; Фоменко Анатолий Тимофеевич
_d(1958-) ; (1945-)
245 _aХристос родился в Крыму. Там же умерла Богородица /
_cГ. В. Носовский ; А. Т. Фоменко ; Зав. ред.: И. Н. Архарова ; Ред.: А. Л. Герасимова
250 _aНаучно-популярное издание
260 _aМосква :
_b«АСТ»,
_b«Астрель»,
_c2010.
300 _a590 с. ;
_bрис. ;
_c24 см
504 _aЛит.: с. 573-584
650 _aХристианство
_xжизнеописание Христа
653 _aՍԷՄ
700 _aАрхарова, И. Н.
_eзав. ред.
_4chief edt.
700 _aГерасимова, А. Л.
_eред.
_4edt.
942 _2ddc
_cBK
999 _c59650
_d59650